<<A>> lukanényei alapiskola "magyar" tagozata

Bibliographic Details
Main Author: Zolczer, László, 1949- (Author)
Format: Article
Language:Hungarian
PhysicalDescription:Fotogr.
Subjects:

MARC

LEADER 00000nab a2200000 a 4500
001 vtls000873875
003 SK-MaSNL
005 20260319075055.0
008 160405c2004 xo 0 hun
015 |a SNBRB2004/05-16393 
035 |a CLN000225427 
040 |a SNKBUCL  |b slo  |c SNKBUCL  |e AACR2 
041 0 |a hun 
044 |a xo  |c SK 
080 |a 373.3(437.6)(=511.141)  |2 1997 
100 1 |a Zolczer, László,  |d 1949-  |4 aut  |9 840441 
245 1 0 |a <<A>> lukanényei alapiskola "magyar" tagozata  |c Zolczer László 
300 |b Fotogr. 
610 7 |a Základná škola s vyučovacím jazykom maďarským (Nenince, Slovensko)  |2 snkbucl  |9 856597 
651 7 |a 610  |2 snkbucl  |9 370000 
655 7 |a články z novín a časopisov  |2 snkbucl  |9 267496 
773 0 |t Tücsök  |g Roč. 14, č. 8 (2004), s. 13 
850 |a Slovenská národná knižnica v Martine 
852 |a SNK  |b KIS3GCP 
958 |a HU 
958 |a SK 
958 |a RBX 
999 |c 1374549  |d 1376479